000 00569nam a22001937a 4500
003 IIN
005 20250522114629.0
008 250522s2024 |||ad||| |||| 001 0 eng d
020 _a9789392242540
040 _aIIN
082 _a610.7343
_bSHA
100 _aSharma, Monika
245 _aCommunity Health Nursing - I
_bIncluding Environmental Science & Epidemiology for BSc Nursing Students (Sem - V)/
_cManika Sharma
260 _aPunjab
_bVHS
_c2024
300 _axiii, 465 p.
_bill.
500 _aIncludes Index
650 _aCommunity Health
_vNursing
942 _cBOOK
999 _c1837
_d1837